000 00426pab a2200169 454500
008 180718b1974 xxu||||| |||| 00| 0 eng d
100 _aSingh, Partap
245 _aMunicipal public health services: A study of Haryana
260 _c1974
300 _ap.25-34.
362 _aJul-Sep
650 _aHealth services - India - Haryana
650 _aHealth services
773 _aNagarlok
908 _aN
909 _a102570
999 _c102568
_d102568